000 01408nam a2200409 i 4500
001 45759
003 KOSZ 005
005 20230130095926.0
008 050224s2004 pl a f f |000 0 pol
015 _aPB 2005/3608
020 _a8373781064
035 _a(OCoLC)749426129
040 _aWA N
_cWA N
_dKOSZ 005/HR
041 0 _apol
080 _a336.71:004.738.5
080 _a658.14/.17
080 _a(075.8)
100 1 _aGrzywacz, Jacek
_eAutor
245 1 0 _aBankowość elektroniczna w działalności przedsiębiorstwa /
_cJacek Grzywacz.
260 _aWarszawa :
_bSzkoła Główna Handlowa. Oficyna Wydawnicza,
_c2004.
300 _a181 s. :
_brys., wykr. ;
_c24 cm.
336 _2rdacontent
_aTekst
_btxt
337 _2rdamedia
_aBez urządzenia pośredniczącego
_bn
338 _2rdacarrier
_aWolumin
_bnc
380 _aKsiążki.
380 _aPublikacje dydaktyczne
385 _mPoziom nauczania
_aSzkoły wyższe
388 _a2001-
504 _aBibliogr. s. 177-181.
650 4 _aBanki internetowe
650 4 _aFinanse przedsiębiorstwa
655 4 _aPodręczniki akademickie
658 _aGospodarka, ekonomia, finanse
710 2 _aOficyna Wydawnicza (Szkoła Główna Handlowa ; Warszawa)
_4pbl.
856 4 1 _uhttp://koha.tu.koszalin.pl/cgi-bin/koha/opac-detail.pl?biblionumber=45759
_yKatalog online BPK
942 _2UKD
_cKS
999 _c45759
_d45759